[Event "4th ch-EU"]
[Site "Liverpool ENG"]
[Date "2008.09.17"]
[Round "9"]
[White "Coates,D"]
[Black "Czaja,W"]
[Result "1/2-1/2"]
[WhiteElo "2037"]
[BlackElo "2103"]
[EventDate "2008.09.09"]

1. e4 d6 2. d4 Nf6 3. Nc3 g6 4. Be3 Bg7 5. Qd2 c6 6. f3 Nbd7 7. O-O-O Qa5
8. Kb1 a6 9. g4 b5 10. h4 h5 11. g5 Nh7 12. f4 Qc7 13. e5 d5 14. Bd3 Nb6
15. Qf2 Bg4 16. Rf1 e6 17. Nf3 Nf8 18. Nd2 Bf5 19. Bxf5 exf5 20. Nb3 Ne6
21. Ne2 Bf8 22. Nec1 Be7 23. Nd3 Nd7 24. Rd1 O-O 1/2-1/2

[Event "4th ch-EU"]
[Site "Liverpool ENG"]
[Date "2008.09.17"]
[Round "9"]
[White "Roy,Ali"]
[Black "Vaznonis,V"]
[Result "1/2-1/2"]
[WhiteElo "1693"]
[BlackElo "2407"]
[EventDate "2008.09.09"]

1. e4 e6 2. d4 d5 3. Nd2 c5 4. Ngf3 Nc6 5. Bb5 cxd4 6. Nxd4 Bd7 7. Bxc6
bxc6 8. exd5 cxd5 9. N2f3 Bd6 10. O-O Nf6 11. Re1 O-O 12. h3 Qb6 13. c3 Ne4
14. Qc2 e5 15. Nb3 Bc7 16. Ng5 f5 17. Nxe4 fxe4 18. Re3 Bb5 19. Rg3 Bd3 20.
Qd2 Rf5 21. Qe3 Raf8 22. Qxb6 Bxb6 23. Be3 Rxf2 24. Bxf2 Bxf2+ 25. Kh2
Bxg3+ 26. Kxg3 e3 27. Re1 e2 28. Nc1 Ba6 29. Nxe2 Rb8 30. Nc1 Rxb2 31. Rxe5
Rc2 32. Nb3 Rxc3+ 33. Kf4 Bc4 34. Re7 a6 35. Nd4 Bxa2 36. Nc6 d4 37. Nxd4
Rc4 38. Ke3 Rc5 39. Kf4 h6 40. Ra7 a5 41. Ra8+ Kh7 42. Ra7 Kg6 43. g4 Rc4
44. Ke5 Rc5+ 45. Kf4 Kf6 46. Ra6+ Kf7 47. Ra7+ Kf8 48. Ra8+ Ke7 49. Ra7+
Kd6 50. Nf5+ Ke6 1/2-1/2

[Event "4th ch-EU"]
[Site "Liverpool ENG"]
[Date "2008.09.17"]
[Round "9"]
[White "Paulet,I"]
[Black "Campbell,I"]
[Result "1-0"]
[WhiteElo "2275"]
[BlackElo "2031"]
[EventDate "2008.09.09"]

1. e4 Nf6 2. e5 Nd5 3. d4 d6 4. c4 Nb6 5. exd6 exd6 6. Nc3 Be7 7. Bd3 O-O
8. Nge2 Re8 9. Qc2 h6 10. Bf4 Nc6 11. a3 Bf6 12. O-O-O Kh8 13. Be3 d5 14.
c5 Nc4 15. Bf4 a6 16. Rhe1 b5 17. cxb6 cxb6 18. Nxd5 Qxd5 19. Bxc4 Qd7 20.
Be5 Bb7 21. Bxf6 gxf6 22. Qd2 Kg7 23. Ng3 Rxe1 24. Rxe1 Rc8 25. Nh5+ Kg6
26. Nf4+ Kg7 27. Nh5+ Kg6 28. Qc2+ Kxh5 29. Be2+ Kg5 30. h4+ Kf4 31. g3+
1-0

[Event "4th ch-EU"]
[Site "Liverpool ENG"]
[Date "2008.09.17"]
[Round "9"]
[White "Naslund,M"]
[Black "Cafolla,P"]
[Result "1-0"]
[WhiteElo "2243"]
[BlackElo "2055"]
[EventDate "2008.09.09"]

1. d4 d5 2. c4 e6 3. Nf3 c5 4. cxd5 exd5 5. g3 Nc6 6. Bg2 Nf6 7. O-O Be7 8.
Nc3 O-O 9. Bg5 cxd4 10. Nxd4 h6 11. Be3 Re8 12. Rc1 Bg4 13. h3 Be6 14. Nxe6
fxe6 15. Na4 Bf8 16. Bc5 Qd7 17. Bxf8 Rxf8 18. Nc5 Qf7 19. Qa4 Rac8 20. e4
e5 21. exd5 Nd4 22. Qd1 b6 23. Nb3 Rxc1 24. Nxc1 Nxd5 25. Nd3 Qe6 26. Re1
Rf5 27. g4 Rg5 28. f4 Nxf4 29. Nxf4 Qf6 30. Nd5 Qd6 31. Nc3 Rg6 32. Qd3 1-0

[Event "4th ch-EU"]
[Site "Liverpool ENG"]
[Date "2008.09.17"]
[Round "9"]
[White "De Coverly,R"]
[Black "Lawson,A"]
[Result "0-1"]
[WhiteElo "2082"]
[BlackElo "2200"]
[EventDate "2008.09.09"]

1. Nf3 Nf6 2. g3 d5 3. Bg2 c6 4. c4 Bg4 5. Ne5 Be6 6. O-O dxc4 7. Qc2 Qd4
8. Nf3 Qe4 9. Qd1 Qd5 10. a4 Qa5 11. Na3 Nbd7 12. Qc2 Qc5 13. e4 h6 14. d4
cxd3 15. Qxd3 Qh5 16. b4 g6 17. Bb2 Bg7 18. b5 O-O 19. bxc6 bxc6 20. Nd4
Ne5 21. Qd1 Bg4 22. f3 Bh3 23. Qe2 Bxg2 24. Kxg2 Rab8 25. Bc3 Nfd7 26. h3
c5 27. Ndb5 a6 28. g4 Qh4 29. Nc7 Rb3 30. Be1 Qf6 31. Ra2 Nd3 32. Bg3 e6
33. Nc4 Nf4+ 34. Bxf4 Qxf4 35. Qc2 Rc3 36. Qd2 Qxc7 0-1

[Event "4th ch-EU"]
[Site "Liverpool ENG"]
[Date "2008.09.17"]
[Round "9"]
[White "Yeo,M"]
[Black "Fraser Mitchell,J"]
[Result "1-0"]
[WhiteElo "2110"]
[BlackElo "2018"]
[EventDate "2008.09.09"]

1. e4 c6 2. d4 d5 3. e5 c5 4. c4 Nc6 5. Nf3 e6 6. Nc3 cxd4 7. Nxd4 Bb4 8.
Nxc6 bxc6 9. Qg4 d4 10. a3 Bf8 11. Ne2 c5 12. Nf4 Qc7 13. Be2 Ne7 14. O-O
Bb7 15. Nd3 Ng6 16. b4 cxb4 17. axb4 a5 18. bxa5 Qxc4 19. Bb2 Ba6 20. Rfc1
Qb3 21. Bf3 Bb7 22. Rc7 1-0

[Event "4th ch-EU"]
[Site "Liverpool ENG"]
[Date "2008.09.17"]
[Round "9"]
[White "Lam,P"]
[Black "Wells,D"]
[Result "1-0"]
[WhiteElo "2104"]
[BlackElo "2016"]
[EventDate "2008.09.09"]

1. d4 Nf6 2. c3 g6 3. Bg5 Bg7 4. Nd2 d6 5. e4 Nbd7 6. f4 h6 7. Bh4 O-O 8.
e5 dxe5 9. fxe5 Nd5 10. Qf3 N7b6 11. Bd3 c5 12. dxc5 Na4 13. Bc4 Be6 14.
O-O-O b5 15. Bxd5 Bxd5 16. Ne4 Bxe4 17. Qxe4 Nxc5 18. Qe3 Qc7 19. Nf3 Ne6
20. Kb1 Rfd8 21. Nd4 Nxd4 22. cxd4 Rd5 23. Qf3 e6 24. Rhf1 a5 25. Rc1 Qd7
26. Bf2 b4 27. Be3 Rf8 28. Qh3 Kh7 29. Rf3 f6 30. exf6 Rh5 31. fxg7 1-0

[Event "4th ch-EU"]
[Site "Liverpool ENG"]
[Date "2008.09.17"]
[Round "9"]
[White "Peacock,M"]
[Black "Weeks,Ma"]
[Result "0-1"]
[WhiteElo "2101"]
[BlackElo "2174"]
[EventDate "2008.09.09"]

1. c4 Nf6 2. g3 e5 3. Bg2 Nc6 4. Nc3 Bc5 5. a3 a5 6. e3 O-O 7. Nge2 Re8 8.
O-O d6 9. d3 Bg4 10. h3 Bf5 11. g4 Bd7 12. Ng3 h6 13. b3 Qc8 14. Bb2 Bb6
15. Rc1 Ne7 16. d4 Ng6 17. Nce4 Nxe4 18. Bxe4 Nh4 19. c5 dxc5 20. dxc5 Ba7
21. f4 Bb5 22. Rf2 Rd8 23. Qc2 exf4 24. Qc3 f6 25. Rxf4 Qe6 26. Nh5 Rd3 27.
Qe1 Qxe4 28. Rxe4 Nf3+ 29. Kf2 Nxe1 30. Kxe1 Rxb3 31. Bd4 Re8 32. Rf4 Rxa3
33. Rc2 Raxe3+ 34. Bxe3 Rxe3+ 35. Kf2 Rxh3 36. Kg2 Re3 37. Kf2 Re5 38. Rf5
Rxf5+ 39. gxf5 Bd3 40. Rc3 Bxf5 41. Kf3 Kf7 42. Nf4 Bd7 43. Nd5 0-1

[Event "4th ch-EU"]
[Site "Liverpool ENG"]
[Date "2008.09.17"]
[Round "9"]
[White "Fox,An"]
[Black "Gorman,J"]
[Result "1-0"]
[WhiteElo "2068"]
[BlackElo "1937"]
[EventDate "2008.09.09"]

1. e4 c5 2. Nc3 d6 3. g3 Nc6 4. Bg2 g6 5. d3 Bg7 6. Be3 Nf6 7. h3 O-O 8.
Qd2 Nd4 9. Nd1 e5 10. c3 Nc6 11. Ne2 Qa5 12. O-O b5 13. Bh6 b4 14. Bxg7
Kxg7 15. Ne3 bxc3 16. Nxc3 Nd4 17. Nc4 Qa6 18. f4 Re8 19. f5 Bb7 20. g4
Rad8 21. Ne3 Kh8 22. fxg6 Kg7 23. gxf7 Rf8 24. Ned5 Bxd5 25. Qg5+ 1-0

[Event "4th ch-EU"]
[Site "Liverpool ENG"]
[Date "2008.09.18"]
[Round "10"]
[White "Short,N"]
[Black "Sulskis,S"]
[Result "1-0"]
[WhiteElo "2655"]
[BlackElo "2562"]
[EventDate "2008.09.09"]

1. e4 e5 2. Nf3 Nc6 3. Bb5 a6 4. Ba4 Nf6 5. O-O b5 6. Bb3 Bc5 7. a4 Rb8 8.
c3 d6 9. d4 Bb6 10. Na3 O-O 11. axb5 axb5 12. Nxb5 Bg4 13. Bc2 Bxf3 14.
gxf3 Nh5 15. f4 Qh4 16. Qf3 exd4 17. e5 dxc3 18. bxc3 Bc5 19. Nxc7 Rbc8 20.
Na6 Ba7 21. Bf5 Ne7 22. Bxc8 Nxc8 23. Nb4 1-0

[Event "4th ch-EU"]
[Site "Liverpool ENG"]
[Date "2008.09.18"]
[Round "10"]
[White "Edouard,R"]
[Black "Smeets,J"]
[Result "0-1"]
[WhiteElo "2508"]
[BlackElo "2593"]
[EventDate "2008.09.09"]

1. e4 e5 2. Nf3 Nc6 3. Bb5 a6 4. Ba4 Nf6 5. O-O b5 6. Bb3 Be7 7. d3 O-O 8.
a4 Rb8 9. axb5 axb5 10. Nc3 d6 11. h3 Be6 12. Nd5 Bxd5 13. exd5 Nb4 14. d4
e4 15. Ng5 h6 16. Nxe4 Nxe4 17. Qe1 Nxc2 18. Bxc2 Nf6 19. Bb3 Re8 20. Qc3
Ne4 21. Qc2 Bg5 22. Re1 f5 23. f3 Bh4 24. fxe4 Bxe1 25. e5 Qh4 26. Be3 f4
27. Bc1 Ra8 28. Rxa8 Rxa8 29. Kf1 Ra1 30. Ke2 Qf2+ 31. Kd3 Qxc2+ 32. Kxc2
g5 0-1

[Event "4th ch-EU"]
[Site "Liverpool ENG"]
[Date "2008.09.18"]
[Round "10"]
[White "Rausis,I"]
[Black "Dgebuadze,A"]
[Result "1/2-1/2"]
[WhiteElo "2486"]
[BlackElo "2562"]
[EventDate "2008.09.09"]

1. e4 e6 2. d4 d5 3. Nd2 Nf6 4. e5 Nfd7 5. c3 c5 6. Bd3 Nc6 7. Ne2 cxd4 8.
cxd4 Qb6 9. Nf3 f6 10. exf6 Nxf6 11. O-O Bd6 12. b3 O-O 13. Bf4 Bxf4 14.
Nxf4 Ne4 15. Ne2 Bd7 16. Bxe4 dxe4 17. Ng5 Rad8 18. Nxe4 Be8 19. Ng5 Rf6
20. Qd3 Rg6 21. Nf3 e5 22. d5 Nb4 23. Qc3 e4 24. Ne5 Nxd5 25. Qb2 Rg5 26.
Ng3 Qf6 27. Nc4 Qxb2 28. Nxb2 Nc3 29. Nd1 Nxd1 30. Rfxd1 Rxd1+ 31. Rxd1 Ra5
32. Rd2 Rc5 33. h4 Bc6 34. Re2 b5 35. Nxe4 Bxe4 36. Rxe4 Rc1+ 37. Kh2 Rc2
38. a4 Rb2 39. axb5 Rxb3 40. Re5 Kf7 41. f3 a5 42. bxa6 Ra3 43. Rf5+ Kg8
44. Rb5 Rxa6 45. Rb7 h6 46. g4 Ra3 47. Kg3 Kh7 48. g5 hxg5 49. hxg5 Kg6 50.
Kg4 Ra1 51. Rb6+ Kf7 52. g6+ Ke7 53. f4 Ra5 54. f5 Ra1 55. Rb7+ Kf8 56.
Rf7+ Kg8 57. Rd7 Kf8 58. Kf4 Rf1+ 59. Ke5 Re1+ 60. Kd6 Rd1+ 61. Kc7 Rc1+
62. Kb6 Rf1 63. Rf7+ Kg8 64. Kc6 Rc1+ 65. Kd7 Ra1 66. Re7 Ra7+ 67. Kd6 Ra6+
68. Ke5 Ra5+ 69. Kf4 Ra8 70. Rd7 Kf8 71. Ke5 Ra1 72. Rf7+ Kg8 73. Rc7 Kf8
74. Rc6 Ke7 75. Re6+ Kf8 76. Kd4 Rd1+ 77. Kc5 Rc1+ 78. Kd6 Rd1+ 79. Kc6 Ra1
80. Re5 1/2-1/2

[Event "4th ch-EU"]
[Site "Liverpool ENG"]
[Date "2008.09.18"]
[Round "10"]
[White "Hillarp Persson,T"]
[Black "Trent,L"]
[Result "1-0"]
[WhiteElo "2526"]
[BlackElo "2470"]
[EventDate "2008.09.09"]

1. e4 e5 2. Nf3 Nc6 3. Bb5 a6 4. Ba4 d6 5. c3 Bd7 6. O-O g6 7. d4 Bg7 8. d5
Nce7 9. Bxd7+ Qxd7 10. c4 Nf6 11. Nc3 b6 12. Bg5 Nh5 13. g3 h6 14. Bxe7
Kxe7 15. b4 Qh3 16. c5 Nf6 17. Qe2 h5 18. Rfc1 Bh6 19. Rc2 h4 20. Qf1 Qg4
21. Nxh4 Bg5 22. f3 Be3+ 23. Kh1 Qg5 24. Nd1 Bd4 25. cxd6+ cxd6 26. Rac1
Nh5 27. Qh3 Kf6 28. Rc7 Nf4 29. Qd7 Kg7 30. Qxf7+ Kh6 31. Qg7+ Kh5 32. Qh7+
Qh6 33. Qd7 Qg5 34. R1c2 Rad8 35. Qh7+ Qh6 36. Qxh6+ Rxh6 37. Ng2 Nd3 38.
Nde3 Rhh8 39. Rd2 Nxb4 40. a3 Rc8 41. Rxc8 Rxc8 42. axb4 Rc3 43. Nc2 Rxf3
44. Nf4+ exf4 45. Nxd4 Re3 46. Re2 Rd3 47. Ne6 Rd1+ 48. Kg2 fxg3 49. Kxg3
Rd3+ 50. Kf4 Rb3 51. Rg2 Rxb4 52. Rg3 g5+ 53. Kf5 g4 54. Rxg4 Rb2 55. Rg5+
Kh4 56. Nf4 Rxh2 57. Rg4+ 1-0

[Event "4th ch-EU"]
[Site "Liverpool ENG"]
[Date "2008.09.18"]
[Round "10"]
[White "Arakhamia,K"]
[Black "Wells,P"]
[Result "1/2-1/2"]
[WhiteElo "2448"]
[BlackElo "2526"]
[EventDate "2008.09.09"]

1. e4 e5 2. Nf3 Nc6 3. Bb5 a6 4. Ba4 Nf6 5. O-O Be7 6. Re1 b5 7. Bb3 d6 8.
c3 O-O 9. h3 Na5 10. Bc2 d5 11. d4 dxe4 12. Nxe5 c5 13. Be3 Qc7 14. Nd2 Bb7
15. a4 Rfd8 16. axb5 axb5 17. Ng4 Nxg4 18. hxg4 cxd4 19. Bxd4 Nc6 20. Rxa8
Bxa8 21. Bxe4 Nxd4 22. cxd4 Bb4 23. Bxa8 Rxa8 24. Re2 Qf4 25. Nb3 g6 26. g3
Qc7 27. Re3 Qc4 28. d5 Rd8 29. Rd3 Qc7 30. Rd4 Bd6 31. Kg2 Be5 32. Rd2 h6
33. Qe2 Rb8 34. Qe4 Rc8 35. Re2 Bf6 36. Nd4 Qd7 37. Nc6 Ra8 38. b4 Kh7 39.
Qf3 Qd6 40. Rd2 Kg7 41. Qd3 Qd7 42. Qxb5 Qxg4 43. Qe2 Qd7 44. b5 h5 45. d6
h4 46. g4 Ra3 47. Ne5 Qb7+ 48. f3 Ra1 49. d7 Qb6 50. Rd1 Rxd1 51. Qxd1 Qxb5
52. f4 Qb2+ 53. Kh3 Qf2 54. Qf3 Qd4 55. Qf1 1/2-1/2

[Event "4th ch-EU"]
[Site "Liverpool ENG"]
[Date "2008.09.18"]
[Round "10"]
[White "Spoelman,W"]
[Black "Hebden,M"]
[Result "1/2-1/2"]
[WhiteElo "2448"]
[BlackElo "2520"]
[EventDate "2008.09.09"]

1. e4 e5 2. Nf3 Nc6 3. Bb5 a6 4. Bxc6 dxc6 5. O-O f6 6. d4 exd4 7. Nxd4 c5
8. Ne2 Qxd1 9. Rxd1 Bd7 10. Nbc3 O-O-O 11. Be3 b6 12. f3 Ne7 13. Rd2 Ng6
14. Rad1 Ne5 15. b3 Bd6 16. Nd5 Kb7 17. Ng3 h5 18. Nf5 Bxf5 19. exf5 h4 20.
h3 Rh5 21. Bf2 Rdh8 22. Ne3 Nc6 23. Nc4 Bf4 24. Rd7 Nd4 25. Bxd4 cxd4 26.
R1xd4 Kc6 27. Rxg7 Rxf5 28. Rg4 Bg3 29. Rge4 b5 30. Ne3 Rc5 31. Kf1 Kb7 32.
c4 f5 33. Re6 Rf8 34. b4 Rc6 35. Rxc6 Kxc6 36. Ke2 bxc4 37. a4 c3 38. Kd3
Kb7 39. Rd5 Re8 40. Rxf5 Bd6 41. Rh5 Bxb4 42. Rxh4 c5 43. Rh7+ Kc8 44. Nd5
Re1 45. Nxc3 Ra1 46. Nd5 Kd8 47. h4 Ba5 48. Ke4 c4 49. Kd4 Rxa4 50. Rh8+
Kd7 51. Rh7+ Kd8 52. Nc3 Ra3 53. Ne4 c3 54. Kd3 Ra2 55. Rh5 Bb4 56. Rd5+
Ke7 57. Rd4 a5 58. g4 c2 59. Rc4 Ra3+ 60. Ke2 Ra2 61. Kd3 Ra3+ 62. Kd4 Ra2
63. Nc3 c1=Q 64. Nd5+ Kd6 65. Rxc1 Rd2+ 66. Ke4 Rxd5 67. f4 a4 68. h5 a3
69. h6 Ra5 70. g5 a2 71. g6 Bc3 72. g7 Ra8 73. Kf5 a1=Q 74. Rxa1 Bxa1 75.
Kg6 Ke7 76. f5 Rg8 77. Kh7 Kf7 78. f6 Be5 1/2-1/2

[Event "4th ch-EU"]
[Site "Liverpool ENG"]
[Date "2008.09.18"]
[Round "10"]
[White "Carlsson,P"]
[Black "Limontaite,S"]
[Result "1-0"]
[WhiteElo "2514"]
[BlackElo "2200"]
[EventDate "2008.09.09"]

1. e4 c5 2. Nf3 Nc6 3. d4 cxd4 4. Nxd4 Nf6 5. Nc3 e5 6. Ndb5 d6 7. Bg5 a6
8. Na3 b5 9. Nd5 Be7 10. Bxf6 Bxf6 11. c4 b4 12. Nc2 Rb8 13. Be2 Bg5 14.
O-O O-O 15. Qd3 a5 16. b3 g6 17. Rad1 Be6 18. Nde3 Be7 19. Bg4 Qb6 20. Qe2
f5 21. Bh3 Rf6 22. Kh1 Rbf8 23. exf5 gxf5 24. f4 e4 25. Nd5 Bxd5 26. Rxd5
Kg7 27. Bxf5 Kh8 28. Qh5 1-0

[Event "4th ch-EU"]
[Site "Liverpool ENG"]
[Date "2008.09.18"]
[Round "10"]
[White "Calzetta,M"]
[Black "Abergel,T"]
[Result "0-1"]
[WhiteElo "2264"]
[BlackElo "2499"]
[EventDate "2008.09.09"]

1. e4 c5 2. Nf3 d6 3. d4 cxd4 4. Nxd4 Nf6 5. Nc3 Nc6 6. Bc4 Bd7 7. O-O Rc8
8. Re1 Nxd4 9. Qxd4 e6 10. Bg5 Be7 11. Rad1 O-O 12. Bb3 a6 13. Bxf6 gxf6
14. Rd3 Kh8 15. Rh3 Rg8 16. Rh5 Rc5 17. Nd5 exd5 18. exd5 Bg4 19. Rh4 Bf5
20. c4 Bf8 21. Rf4 Bg6 22. Bd1 Qa5 23. Re3 Bg7 24. h4 h5 25. Re7 b5 26. b3
bxc4 27. bxc4 Qxa2 28. Kh2 f5 29. Qe3 Qa1 30. Bf3 Qf6 31. g3 Bh6 32. Rd7
Rxc4 33. Rxc4 Bxe3 34. fxe3 Rd8 35. Ra7 Re8 0-1

[Event "4th ch-EU"]
[Site "Liverpool ENG"]
[Date "2008.09.18"]
[Round "10"]
[White "Baramidze,D"]
[Black "Lasinskas,P"]
[Result "1-0"]
[WhiteElo "2593"]
[BlackElo "2269"]
[EventDate "2008.09.09"]

1. e4 e5 2. Nf3 Nf6 3. d4 Nxe4 4. Bd3 d5 5. dxe5 Be7 6. O-O Nc6 7. Re1 O-O
8. Nc3 Nxc3 9. bxc3 Be6 10. Rb1 b6 11. Nd4 Nxd4 12. cxd4 c5 13. f4 Qc8 14.
Qf3 Bf5 15. Qxd5 Rd8 16. Qf3 cxd4 17. e6 Bxd3 18. exf7+ Kxf7 19. Qxd3 Qc3
20. Qf5+ Bf6 21. Qe6+ Kg6 22. f5+ Kh5 23. Qe2+ Kh4 24. g3+ 1-0

[Event "4th ch-EU"]
[Site "Liverpool ENG"]
[Date "2008.09.18"]
[Round "10"]
[White "Arkell,K"]
[Black "Briscoe,C"]
[Result "1-0"]
[WhiteElo "2506"]
[BlackElo "2232"]
[EventDate "2008.09.09"]

1. Nf3 Nf6 2. c4 e6 3. Nc3 b6 4. e4 d6 5. d4 Bb7 6. Bd3 g6 7. e5 Nfd7 8.
Be4 Qc8 9. Ng5 Bxe4 10. Ncxe4 Nc6 11. exd6 Bg7 12. d5 exd5 13. Qxd5 Nce5
14. dxc7 O-O 15. f4 Ng4 16. Qc6 Nc5 17. Nd6 Re8+ 18. Qxe8+ Qxe8+ 19. Nxe8
Rxe8+ 20. Kd2 Ne3 21. Re1 Nxc4+ 22. Kc2 Rc8 23. Rb1 h6 24. Ne4 Rxc7 25.
Nxc5 Rxc5 26. Kd3 b5 27. b3 Rd5+ 28. Ke2 Nb6 29. Be3 Rh5 30. Bxb6 axb6 31.
h3 b4 32. Rbc1 Ra5 33. Rc2 Bc3 34. Rd1 Rf5 35. Ke3 g5 36. fxg5 hxg5 37. Rf2
Re5+ 38. Kd3 Kg7 39. Kc2 Be1 40. Rf3 Bc3 41. Kd3 Rc5 42. g4 Be5 43. Ke4 f6
44. Rd5 Rc2 45. Kf5 Ba1 46. Rd7+ Kh6 47. Rd6 Rxa2 48. Rxb6 Re2 49. Re6 Rc2
50. Ke4 Kg6 51. Rb6 Bc3 52. Rd3 Re2+ 53. Kd5 Re5+ 54. Kc4 Re4+ 55. Kb5 Re5+
56. Ka4 Re7 57. Ka5 Ra7+ 58. Kb5 Re7 59. Rc6 Rb7+ 60. Kc5 Re7 61. Kb6 Bb2
62. Rcd6 Be5 63. Rd7 Re6+ 64. Kb5 Bc3 65. Rc7 Re5+ 66. Ka4 Re6 67. Rd8 f5
68. Rg8+ Kf6 69. Rf8+ Ke5 70. Rxf5+ Ke4 71. Rxg5 Kf4 72. Rd5 Re3 73. Rf7+
Kg3 74. Rfd7 Kh4 75. Rd3 1-0

[Event "4th ch-EU"]
[Site "Liverpool ENG"]
[Date "2008.09.18"]
[Round "10"]
[White "Horner,J"]
[Black "Gormally,D"]
[Result "1/2-1/2"]
[WhiteElo "2372"]
[BlackElo "2504"]
[EventDate "2008.09.09"]

1. e4 c5 2. Nf3 d6 3. c3 Nf6 4. h3 g6 5. Bd3 Bg7 6. Bc2 O-O 7. O-O Nc6 8.
d4 cxd4 9. cxd4 Nb4 10. Bb3 d5 11. e5 Ne4 12. Nc3 Nxc3 13. bxc3 Nc6 14. Bf4
Bf5 15. Qd2 Na5 16. Bh6 Nxb3 17. axb3 Qb6 18. Bxg7 Kxg7 19. b4 a5 20. bxa5
Rxa5 21. Rxa5 Qxa5 22. Nh4 Bd7 23. f4 e6 24. f5 exf5 25. Nxf5+ 1/2-1/2

[Event "4th ch-EU"]
[Site "Liverpool ENG"]
[Date "2008.09.18"]
[Round "10"]
[White "Eggleston,D"]
[Black "Sebenik,M"]
[Result "1/2-1/2"]
[WhiteElo "2372"]
[BlackElo "2485"]
[EventDate "2008.09.09"]

1. e4 c5 2. Nf3 Nc6 3. d4 cxd4 4. Nxd4 e5 5. Nb5 d6 6. N1c3 a6 7. Na3 b5 8.
Nd5 Nf6 9. c4 b4 10. Nc2 Nxe4 11. Bd3 Nc5 12. Ncxb4 Nxb4 13. Nxb4 Bb7 14.
O-O Rb8 15. Nc2 Be7 16. Ne3 O-O 17. b3 Bg5 18. Bc2 g6 19. Ba3 f5 20. Nd5
Qa5 21. Bb4 Qd8 22. f4 Bxf4 23. Nxf4 exf4 24. Qd4 Qg5 25. Rf2 Ne4 26. h4
Qf6 27. Qxf6 Rxf6 28. Rxf4 Re6 29. Rd1 Ng3 30. Bd3 Be4 31. Be1 Nh5 32. Rf1
Rbe8 33. Bb4 Ng3 34. Rfe1 h5 35. Kf2 f4 36. Bxe4 Nxe4+ 37. Kf3 Kf7 38. Rd5
g5 39. hxg5 Kg6 40. Red1 Nxg5+ 41. Kxf4 Re4+ 42. Kg3 Rg4+ 43. Kh2 Re2 44.
Rxd6+ Kh7 45. Rd7+ Kg6 46. R7d6+ Kh7 47. Rd7+ Kg6 1/2-1/2

[Event "4th ch-EU"]
[Site "Liverpool ENG"]
[Date "2008.09.18"]
[Round "10"]
[White "Rudd,J"]
[Black "Shaw,J"]
[Result "0-1"]
[WhiteElo "2345"]
[BlackElo "2469"]
[EventDate "2008.09.09"]

1. e4 d6 2. d4 Nf6 3. f3 c5 4. d5 e5 5. c4 Be7 6. Nc3 O-O 7. Bd3 Nbd7 8.
Nge2 Ne8 9. O-O g6 10. a3 Ng7 11. Ng3 Kh8 12. Rb1 b6 13. Rf2 Bg5 14. Nb5
Ne8 15. Bc2 h6 16. Ne2 Bxc1 17. Qxc1 Qg5 18. Ba4 Qxc1+ 19. Rxc1 Nb8 20. f4
Bd7 21. Rcf1 Kg7 22. b4 a6 23. Nbc3 Bxa4 24. Nxa4 Nd7 25. bxc5 bxc5 26. Rb1
Nef6 27. Nec3 exf4 28. Rxf4 Rab8 29. Rbf1 Rfe8 30. R4f3 Re7 31. h3 Nh7 32.
R3f2 Ne5 33. Nb2 Rb3 0-1

[Event "4th ch-EU"]
[Site "Liverpool ENG"]
[Date "2008.09.18"]
[Round "10"]
[White "Bitalzadeh,A"]
[Black "Collins,S IRL"]
[Result "1/2-1/2"]
[WhiteElo "2310"]
[BlackElo "2412"]
[EventDate "2008.09.09"]

1. c4 e6 2. Nc3 d5 3. d4 Nf6 4. cxd5 exd5 5. Bg5 c6 6. e3 Bf5 7. Qf3 Bg6 8.
Bxf6 Qxf6 9. Qxf6 gxf6 10. Kd2 Nd7 11. h4 h5 12. Nh3 Nb6 13. Nf4 Bh6 14. g3
Bxf4 15. gxf4 Nc8 16. f3 Nd6 17. Re1 O-O-O 18. b3 Kc7 19. Bh3 Bf5 20. Bg2
Rhg8 21. Rh2 b5 22. e4 b4 23. Na4 dxe4 24. fxe4 Nxe4+ 25. Rxe4 Rxg2+ 26.
Rxg2 Bxe4 27. Rg7 Bg6 28. f5 Bxf5 29. Rxf7+ Rd7 30. Rxf6 Rxd4+ 31. Ke3 Rd5
32. Rf7+ Bd7 33. Rh7 Kd6 34. Nb2 Re5+ 35. Kf4 Rf5+ 36. Ke4 Re5+ 37. Kf4
Rf5+ 38. Ke4 Re5+ 1/2-1/2

[Event "4th ch-EU"]
[Site "Liverpool ENG"]
[Date "2008.09.18"]
[Round "10"]
[White "Storey,Ch"]
[Black "Houska,Jo"]
[Result "0-1"]
[WhiteElo "2268"]
[BlackElo "2405"]
[EventDate "2008.09.09"]

1. f4 d5 2. e3 Nf6 3. Nf3 g6 4. b3 Bg7 5. Bb2 O-O 6. h3 c5 7. c3 Nc6 8. Bb5
Bd7 9. d3 a6 10. Bxc6 Bxc6 11. Ne5 Be8 12. Nd2 Nd7 13. Ndf3 Nxe5 14. fxe5
f6 15. c4 Bc6 16. cxd5 Qxd5 17. e4 Qd7 18. Qc2 Bb5 19. Rd1 Rfd8 20. O-O
Rac8 21. exf6 exf6 22. Ne1 Qe6 23. Rd2 Rd6 24. Rdf2 Qe7 25. a4 Bd7 26. Ba3
Be6 27. Nf3 Qd8 28. Rd2 Rb6 29. Rb1 Qe8 30. Re2 Qd7 31. Kh1 Rd8 32. Ne1 Bf8
33. Bc1 Qf7 34. Be3 Rxb3 35. a5 Rxb1 36. Qxb1 Qc7 37. Qa1 Qe5 38. Qxe5 fxe5
39. Rb2 c4 40. dxc4 Rd1 41. Bf2 Bh6 42. Rxb7 Bd2 43. Rb8+ Kf7 44. Rd8 Bxc4
45. g4 Rxe1+ 46. Bxe1 Bxe1 47. Rd7+ Kf6 48. Kg2 h6 49. Rc7 Bb5 50. Rh7 Bxa5
51. h4 Bd2 52. Kf3 a5 53. Rb7 Bc4 54. Rb6+ Be6 55. Ra6 Be1 56. g5+ hxg5 57.
hxg5+ Ke7 58. Ra7+ Bd7 59. Ra6 Be8 60. Ra7+ Kf8 61. Ke2 Bb4 62. Kd3 a4 63.
Kc4 Ba3 64. Kd5 Bb2 65. Ke6 Bd4 66. Ra5 Bc3 67. Ra7 Bb4 68. Kf6 a3 69. Rf7+
Bxf7 0-1

[Event "4th ch-EU"]
[Site "Liverpool ENG"]
[Date "2008.09.18"]
[Round "10"]
[White "Peek,Mar"]
[Black "Estremera Panos,S"]
[Result "1/2-1/2"]
[WhiteElo "2370"]
[BlackElo "2394"]
[EventDate "2008.09.09"]

1. d4 Nf6 2. c4 e6 3. Nf3 d5 4. Nc3 Bb4 5. cxd5 exd5 6. Qa4+ Nc6 7. Bg5 h6
8. Bxf6 Qxf6 9. e3 O-O 10. Be2 Be6 11. a3 1/2-1/2

[Event "4th ch-EU"]
[Site "Liverpool ENG"]
[Date "2008.09.18"]
[Round "10"]
[White "Williamson,R"]
[Black "Rodriguez Lopez,Ra"]
[Result "0-1"]
[WhiteElo "2169"]
[BlackElo "2312"]
[EventDate "2008.09.09"]

1. e4 c5 2. Nf3 d6 3. d4 Nf6 4. Nc3 cxd4 5. Nxd4 a6 6. Be2 e6 7. Be3 Be7 8.
f4 O-O 9. a4 Nc6 10. O-O Qc7 11. Qe1 Nxd4 12. Bxd4 e5 13. Be3 exf4 14. Rxf4
Be6 15. Rd1 Rac8 16. Rf1 Nd7 17. Qg3 Bf6 18. Qxd6 Qxd6 19. Rxd6 Bxc3 20.
bxc3 Rxc3 21. Bd3 Rfc8 22. Rb1 R3c7 23. a5 Kf8 24. Bf4 Nc5 25. Rdb6 Rd7 26.
Bd6+ Ke8 27. Bxc5 Rxc5 28. Rxb7 Rxb7 29. Rxb7 Rxa5 30. Ra7 Ra1+ 31. Kf2 a5
32. Bb5+ Kd8 33. c4 Kc8 34. Be8 Kb8 35. Re7 a4 36. Bxf7 Bxf7 37. Rxf7 Rc1
38. Ke3 a3 39. Rf2 Rxc4 40. Kf4 Ra4 41. Ra2 Kc7 42. Ke3 Kd6 43. Kd2 Ke5 44.
Kc1 Kxe4 45. Kb1 Kd3 46. Rf2 Re4 47. Rf7 Re1+ 48. Ka2 Re2+ 49. Kxa3 Rxg2
50. h4 h5 51. Kb3 g6 52. Re7 Rg4 53. Re6 Kd4 54. Kc2 Kd5 55. Ra6 Ke5 0-1

[Event "4th ch-EU"]
[Site "Liverpool ENG"]
[Date "2008.09.18"]
[Round "10"]
[White "Surtees,M"]
[Black "Daly,C"]
[Result "0-1"]
[WhiteElo "2182"]
[BlackElo "2311"]
[EventDate "2008.09.09"]

1. e4 d6 2. d4 g6 3. c3 Nf6 4. f3 Bg7 5. Be3 O-O 6. Nd2 e5 7. Qc2 Nbd7 8.
dxe5 dxe5 9. a4 Ne8 10. Nh3 Bh6 11. Qd3 Bxe3 12. Qxe3 Qe7 13. Nf2 a5 14.
Nc4 Nd6 15. Nxd6 Qxd6 16. Nd3 b6 17. Be2 Bb7 18. O-O Qe7 19. Bd1 Ba6 20.
Be2 Rfd8 21. Rfd1 Bc4 22. h3 h5 23. Kh1 Bxd3 24. Bxd3 h4 25. Bc4 Kg7 26. f4
exf4 27. Qxf4 Ne5 28. Be2 Qf6 29. Qe3 Rxd1+ 30. Rxd1 Rd8 31. Rd5 Rxd5 32.
exd5 Qf5 33. Qd4 f6 34. b4 Qb1+ 35. Kh2 Qe1 36. Bb5 g5 37. bxa5 bxa5 38. d6
g4 39. Qg1 g3+ 40. Kh1 Qxg1+ 41. Kxg1 cxd6 42. Kf1 f5 43. Ke2 f4 44. Ba6
Kf6 45. Bb7 Kg5 46. Be4 Kf6 47. Bb7 Ke7 48. Bd5 Kd8 49. Bb3 Kc7 50. Bd5 Kb6
51. Bb3 Kc5 52. Ba2 d5 53. Bb3 f3+ 54. gxf3 Ng6 55. Ke3 Nf4 56. Bc2 Nxh3
57. Bf5 Nf4 0-1